Statistics for Guess the NBA team by arena

Click here to take the quiz!

General Stats

  • This quiz has been taken 27 times
  • The average score is 19 of 30

Answer Stats

HintAnswer% Correct
Madison Square GardenKnicks
80%
Barclays CenterNets
80%
TD GardenCeltics
75%
FedEx ForumGrizzlies
75%
American AirlinesMavericks
75%
Scotiabank ArenaRaptors
75%
Capital One ArenaWizards
75%
Crypto.com ArenaClippers
70%
FTX ArenaHeat
70%
Crypto.com ArenaLakers
70%
Chase CenterWarriors
70%
Amway CenterMagic
65%
Smoothie King CenterPelicans
65%
Little Caesars ArenaPistons
65%
Fiserv ForumBucks
60%
State Farm ArenaHawks
60%
Ball ArenaNuggets
60%
AT&T CenterSpurs
60%
Footprint CenterSuns
60%
Wells Fargo Center76ers
55%
United CenterBulls
55%
Golden 1 CenterKings
55%
Toyota CenterRockets
55%
Target CenterTimberwolves
55%
Gainbridge FieldhousePacers
50%
Moda CenterTrailblazers
50%
Rocket Mortgage FieldHouseCavaliers
45%
Spectrum CenterHornets
45%
Vivint ArenaJazz
45%
Paycom CenterThunder
45%

Score Distribution

Percentile by Number Answered

Percent of People with Each Score

Your Score History

You have not taken this quiz